000 00587nam a22001937a 4500
003 OSt
005 20180116183058.0
008 161027b xxu||||| |||| 00| 0 eng d
020 _a0
040 _c0
082 _a658.562 THE 2001
100 _aInstitute of Chartered Accountants of India
110 _aInstitute of Chartered Accountants of India
245 _aThe Six Qs of Quality
_bAnnual Report 2001-2002
_cInstitute of Chartered Accountants of India
260 _aIndia
_bWipro Limited
_c2001
300 _a256 p.
_bPB
440 _aThe Six Qs of Quality
942 _2ddc
_cBK
999 _c351921
_d351921